00314nam a2200121Ia 4500003000400000008004100004040001600045082001900061245004300080260005300123300001100176490000500187GCL140319s9999 xx 000 0 ara d aGCL / cGCL04a274.8842bار10aرجال الكتاب المقدس 2ج a[S.N] : bدار الثقافة المسيحية a585 ص a